Statistics for Jedi and Sith in Star Wars

Click here to take the quiz!

General Stats

  • This quiz has been taken 2,812 times
    (2,392 since last reset)
  • The average score is 10 of 20

Answer Stats

Hint Answer % Correct
Obi Wan Kenobi's apprenticeAnakin Skywalker
98%
Brother of Leia OrganaLuke Skywalker
86%
Jedi that Samuel L. Jackson playsMace Windu
83%
Master of Obi-Wan KenobiQui Gon Jinn
81%
Master of Anakin SkywalkerObi Wan Kenobi
80%
Grand MasterYoda
77%
Apprentice to Darth SidiousDarth Vader
74%
Grand Master SithDarth Sidious
64%
Jedi with tall skullKi Adi Mundi
55%
Jedi shot down in a ship during Order 66Plo Koon
55%
Jedi who can breathe underwaterKit Fisto
54%
Twi'lek JediAayla Secura
51%
Darth Vader's apprenticeGalen Marek
48%
Master to Maris BroodShaak Ti
42%
Master of Barriss OffeeLuminara Unduli
37%
Librarian of archivesJocasta Nu
19%
Master of Aayla SecuraQuinlan Vos
10%
Faced off with Galen Marek in "The Force Unleashed"Rahm Kota
10%
Faced off with Galen Marek in "The Force Unleashed"Maris Brood
9%
Father of Galen MarekKento Marek
6%

Score Distribution

Percentile by Number Answered

Percent of People with Each Score

Your Score History

You have not taken this quiz since the last reset